Statistics for American Cities Bigger than the Country's Capital

Click here to take the quiz!

General Stats

  • This quiz has been taken 122 times
  • The average score is 25 of 36

Answer Stats

CountryCityCapital% Correct
United StatesNew York CityWashington, D.C.
96%
United StatesChicagoWashington, D.C.
94%
United StatesLos AngelesWashington, D.C.
94%
United StatesDallasWashington, D.C
93%
BrazilRio de JaneiroBrasília
92%
United StatesHoustonWashington, D.C.
91%
CanadaTorontoOttawa
91%
BrazilSão PauloBrasília
90%
CanadaMontrealOttawa
89%
United StatesPhiladelphiaWashington, D.C.
89%
United StatesSan FranciscoWashington, D.C.
87%
United StatesPhoenixWashington, D.C.
85%
United StatesSan AntonioWashington, D.C.
83%
United StatesSan DiegoWashington, D.C.
83%
United StatesSeattleWashington, D.C.
82%
United StatesAustinWashington, D.C.
81%
United StatesDetroitWashington, D.C.
79%
CanadaCalgaryOttawa
76%
United StatesDenverWashington, D.C.
76%
BelizeBelize CityBelmopan
74%
EcuadorGuayaquilQuito
71%
United StatesJacksonvilleWashington, D.C.
71%
United StatesSan JoseWashington, D.C.
68%
United StatesColumbusWashington, D.C.
65%
United StatesIndianapolisWashington, D.C.
65%
BoliviaSanta CruzLa Paz
59%
United StatesCharlotteWashington, D.C.
58%
VenezuelaMaracaiboCaracas
57%
BrazilSalvadorBrasília
57%
United StatesEl PasoWashington, D.C.
48%
United StatesFort WorthWashington, D.C.
44%
BoliviaEl AltoLa Paz
25%
Trinidad and TobagoChaguanasPort of Spain
20%
Trinidad and TobagoSan FernandoPort of Spain
14%
GuyanaLindenGeorgetown
10%
BelizeSan IgnacioBelmopan
9%

Score Distribution

Percentile by Number Answered

Percent of People with Each Score

Your Score History

You have not taken this quiz